000 00830nas a2200253 4500
001 BR8401740
003 BR-BrBNA
005 20231205085852.0
007 ta
008 230509b bl.|||p| |||| 00| 00por d
040 _aBR-BrBNA
_bpor
_cBiblioteca Nacional de Agricultura
041 _a(Pt)
072 _aQ10
100 1 _aFurtado, M.M.
100 1 _aWolfschoon-Pombo, A.F.
245 1 _aPerda de umidade da coalhada durante a fabricacao do queijo prato
246 1 _aExpulsion of moisture from cheese curd during "prato" cheesemaking
650 _aQUEIJO
650 _aCOALHADA
650 _aINDUSTRIA ALIMENTICIA
773 0 _tRevista do Instituto de Laticinios Candido Tostes (Brazil)
_xISSN 0100-3674
_g(Sep 1983), v. 38(229) p. 3-6
_wBR8401740
909 _a202311
_bLúcia
_c55
_dLúcia Elande
942 _2AGRIS
_n0
_cANA
999 _c114402
_d114402